[Event "Olimpiada Dresden 2008 Femenina"]
[Site "Dresden GER"]
[Date "2008.11.16"]
[Round "4.4"]
[White "Stojanovic, Andjelija"]
[Black "Zawadzka, Jolanta"]
[Result "1-0"]
[WhiteElo "2357"]
[BlackElo "2378"]
[PlyCount "83"]
[EventDate "2008.11.13"]
[EventType "team-tourn"]
[EventRounds "11"]
[EventCountry "GER"]
[Source "lmi"]
[SourceDate "2008.11.13"]
[WhiteTeam "SRB"]
[BlackTeam "Polonia"]
[BlackTeamCountry "POL"]

1. d4 Nf6 2. c4 g6 3. Nc3 d5 4. cxd5 Nxd5 5. Nf3 Bg7 6. e4 Nxc3 7. bxc3 c5 8.
Be3 Nc6 9. Rc1 Qa5 10. d5 Ne5 11. Nxe5 Bxe5 12. Qd2 O-O 13. f4 Bg7 14. c4 Qxd2+
15. Kxd2 b6 16. Be2 e5 17. Rhf1 f5 18. fxe5 Bxe5 19. Bh6 Re8 20. Bd3 fxe4 21.
Bxe4 Bg7 22. Bxg7 Kxg7 23. Rce1 Bd7 24. d6 Rad8 25. Bd5 Rxe1 26. Rf7+ Kh6 27.
Kxe1 a5 28. Kf2 Bf5 29. Kf3 Rxd6 30. Kf4 Bb1 31. h4 Rd8 32. g4 g5+ 33. hxg5+
Kg6 34. Rf6+ Kg7 35. Rxb6 Bxa2 36. Rb7+ Kh8 37. g6 hxg6 38. Kg5 Rxd5+ 39. cxd5
Bxd5 40. Rb5 Kg7 41. Rxc5 Be4 42. Rxa5 1-0

[Event "Olimpiada Dresden 2008 Femenina"]
[Site "Dresden GER"]
[Date "2008.11.16"]
[Round "4.5"]
[White "Sukandar, Irine Kharisma"]
[Black "Kosintseva, Tatiana"]
[Result "0-1"]
[WhiteElo "2303"]
[BlackElo "2513"]
[PlyCount "64"]
[EventDate "2008.11.13"]
[EventType "team-tourn"]
[EventRounds "11"]
[EventCountry "GER"]
[Source "lmi"]
[SourceDate "2008.11.13"]
[WhiteTeam "Indonesia"]
[BlackTeam "Rusia"]
[WhiteTeamCountry "INA"]
[BlackTeamCountry "RUS"]

1. e4 e5 2. Nf3 Nc6 3. Nc3 Nf6 4. Bb5 Bd6 5. d3 h6 6. Ne2 O-O 7. c3 Re8 8. O-O
Bf8 9. Ng3 a6 10. Ba4 b5 11. Bc2 d5 12. Qe2 a5 13. Rd1 d4 14. h3 a4 15. a3 Bc5
16. Nh4 Ne7 17. Qf3 Ra6 18. Bd2 Nh7 19. Qh5 Ng6 20. Nhf5 Nf4 21. Bxf4 exf4 22.
Ne2 dxc3 23. Nxc3 Bxf5 24. Qxf5 Qd4 25. Rf1 Bd6 26. Qxb5 Raa8 27. Qd5 Qf6 28.
Bxa4 Red8 29. Qh5 g6 30. Qe2 Ng5 31. Rfd1 f3 32. Qf1 Nxh3+ 0-1

[Event "Olimpiada Dresden 2008 Femenina"]
[Site "Dresden GER"]
[Date "2008.11.16"]
[Round "4.5"]
[White "Dewi, Aa Citra"]
[Black "Korbut, Ekaterina"]
[Result "0-1"]
[WhiteElo "1802"]
[BlackElo "2459"]
[PlyCount "114"]
[EventDate "2008.11.13"]
[EventType "team-tourn"]
[EventRounds "11"]
[EventCountry "GER"]
[Source "lmi"]
[SourceDate "2008.11.13"]
[WhiteTeam "Indonesia"]
[BlackTeam "Rusia"]
[WhiteTeamCountry "INA"]
[BlackTeamCountry "RUS"]

1. e4 e5 2. Nf3 Nc6 3. Bb5 Nf6 4. O-O Nxe4 5. d4 Nd6 6. Bxc6 dxc6 7. dxe5 Nf5
8. Qxd8+ Kxd8 9. Nc3 h6 10. h3 Bd7 11. b3 Kc8 12. Bb2 Ne7 13. Rad1 Ng6 14. Rd2
Be7 15. Rfd1 Rd8 16. Ne2 Nf8 17. Nf4 g6 18. c4 b6 19. e6 Bxe6 20. Rxd8+ Bxd8
21. Bg7 Bg5 22. Ne2 Kb7 23. Ned4 c5 24. Nxe6 Nxe6 25. Nxg5 hxg5 26. Bf6 Kc6 27.
Kh2 Rb8 28. Kg3 b5 29. Rc1 Rb6 30. Kg4 Ra6 31. Rc2 bxc4 32. bxc4 Ra4 33. Bxg5
Nd4 34. Rd2 Rxc4 35. Kg3 Kd5 36. Bf6 Ra4 37. Kf4 Ke6 38. Kg5 Ra5 39. Bg7 c4+
40. Kf4 c5 41. Bxd4 cxd4 42. Rxd4 Rxa2 43. Ke3 Ra4 44. f3 a5 45. g4 Rb4 46. Rd8
Rb3+ 47. Ke4 f5+ 48. gxf5+ gxf5+ 49. Kf4 c3 50. Rc8 a4 51. Ke3 a3 52. Kd3 c2+
53. Kxc2 Rxf3 54. h4 Rh3 55. Ra8 f4 56. Ra5 a2 57. Kb2 f3 0-1

[Event "Olimpiada Dresden 2008 Femenina"]
[Site "Dresden GER"]
[Date "2008.11.16"]
[Round "4.5"]
[White "Pogonina, Natalija"]
[Black "Kadek, Iin Dwijayanti"]
[Result "1-0"]
[WhiteElo "2474"]
[BlackElo "1859"]
[PlyCount "95"]
[EventDate "2008.11.13"]
[EventType "team-tourn"]
[EventRounds "11"]
[EventCountry "GER"]
[Source "lmi"]
[SourceDate "2008.11.13"]
[WhiteTeam "Rusia"]
[BlackTeam "Indonesia"]
[WhiteTeamCountry "RUS"]
[BlackTeamCountry "INA"]

1. e4 c5 2. Nf3 d6 3. d4 cxd4 4. Nxd4 Nf6 5. Nc3 a6 6. Be2 e5 7. Nb3 Be7 8. O-O
O-O 9. Re1 Be6 10. Bf3 Nbd7 11. a4 Rc8 12. a5 Qc7 13. Be3 Rfe8 14. Nd2 Nc5 15.
Nf1 Bf8 16. h3 h6 17. Nh2 Qc6 18. Ng4 Nxg4 19. hxg4 Nd7 20. Qd2 Nf6 21. g5 hxg5
22. Bxg5 Nh7 23. Be3 Qc7 24. Rec1 Nf6 25. Na4 Nd7 26. b4 Qc6 27. c4 Nf6 28. Nb6
Rcd8 29. Qd3 Qc7 30. Bd1 Rb8 31. Ba4 Red8 32. Bg5 Nh5 33. Nd5 Qc8 34. Bxd8 Qxd8
35. Bd1 Qg5 36. Bxh5 Qxh5 37. Qg3 Kh7 38. Rc3 Bxd5 39. cxd5 Qe2 40. Qh4+ Kg8
41. Rh3 f6 42. Rc1 Re8 43. Rc7 Re7 44. Rc8 Kf7 45. Re3 Qd1+ 46. Kh2 Re8 47.
Rxe8 Kxe8 48. Rc3 1-0

[Event "Olimpiada Dresden 2008 Femenina"]
[Site "Dresden GER"]
[Date "2008.11.16"]
[Round "4.6"]
[White "Gaponenko, Inna"]
[Black "Limontaite, Simona"]
[Result "1/2-1/2"]
[WhiteElo "2473"]
[BlackElo "2197"]
[PlyCount "127"]
[EventDate "2008.11.13"]
[EventType "team-tourn"]
[EventRounds "11"]
[EventCountry "GER"]
[Source "lmi"]
[SourceDate "2008.11.13"]
[WhiteTeam "Ucrania"]
[BlackTeam "Lituania"]
[WhiteTeamCountry "UKR"]
[BlackTeamCountry "LTU"]

1. c4 Nf6 2. Nc3 e6 3. e4 d5 4. exd5 exd5 5. d4 Be7 6. Nf3 O-O 7. Be2 dxc4 8.
Bxc4 Bg4 9. Be3 Nc6 10. O-O Nb4 11. h3 Bh5 12. g4 Bg6 13. Ne5 Nbd5 14. Nxg6
hxg6 15. Qf3 Nb6 16. Bb3 c6 17. Rfe1 Nfd5 18. Rad1 Rc8 19. Bf4 Bb4 20. Bd2 Bd6
21. Kg2 Qf6 22. Qxf6 Nxf6 23. a4 a5 24. g5 Nh5 25. Ne4 Bb4 26. Bxb4 axb4 27.
Nc5 Rc7 28. Nd3 Rd8 29. Nxb4 Nf4+ 30. Kg3 Nfd5 31. Nc2 Ne7 32. a5 Nbc8 33. Kf3
Rcd7 34. Re5 Nd6 35. Rde1 Ndf5 36. R1e4 Kf8 37. Rf4 Nd5 38. Bxd5 Rxd5 39. Rxd5
Rxd5 40. b4 Ne7 41. h4 Rb5 42. Re4 Nd5 43. Re1 Nxb4 44. Nxb4 Rxb4 45. Ke3 Ke7
46. Ra1 Kd6 47. a6 bxa6 48. Rxa6 Rb3+ 49. Ke2 Rb4 50. Ra7 Rxd4 51. Rxf7 Rxh4
52. Rxg7 Re4+ 53. Kd3 Re6 54. f4 Kd5 55. Rd7+ Rd6 56. Re7 Re6 57. Rd7+ Rd6 58.
Ra7 c5 59. Rc7 Ra6 60. Rd7+ Rd6 61. Rc7 Ra6 62. Rd7+ Rd6 63. Rc7 Ra6 64. Rd7+
1/2-1/2

[Event "Olimpiada Dresden 2008 Femenina"]
[Site "Dresden GER"]
[Date "2008.11.16"]
[Round "4.6"]
[White "Ziogaite, Jovita"]
[Black "Zdebskaja, Natalia"]
[Result "0-1"]
[WhiteElo "2093"]
[BlackElo "2419"]
[PlyCount "90"]
[EventDate "2008.11.13"]
[EventType "team-tourn"]
[EventRounds "11"]
[EventCountry "GER"]
[Source "lmi"]
[SourceDate "2008.11.13"]
[WhiteTeam "Lituania"]
[BlackTeam "Ucrania"]
[WhiteTeamCountry "LTU"]
[BlackTeamCountry "UKR"]

1. e4 c5 2. Nf3 d6 3. d4 cxd4 4. Nxd4 Nf6 5. Nc3 a6 6. h3 e5 7. Nde2 h5 8. Be3
Be6 9. Qd2 b5 10. a3 Nbd7 11. g3 Nb6 12. b3 d5 13. Bxb6 Qxb6 14. Nxd5 Bxd5 15.
exd5 Bc5 16. Bg2 Bxf2+ 17. Kf1 O-O 18. Rd1 Be3 19. Qd3 e4 20. Bxe4 Nxe4 21.
Qxe4 Qf6+ 22. Nf4 Rae8 23. Qf3 g5 24. d6 gxf4 25. d7 Rd8 26. Rd5 Kg7 27. Rxh5
fxg3 28. Rf5 Qg6 29. Rd5 f5 30. h4 Rf7 31. Kg2 Qc6 32. Rh3 Qxc2+ 33. Kxg3 f4+
34. Kg4 Kf6 35. Rg5 Rg7 36. Qd5 Qe2+ 37. Qf3 Qxf3+ 38. Rxf3 Rdxd7 39. a4 Rd1
40. Rxg7 Rg1+ 41. Kh5 Kxg7 42. axb5 axb5 43. b4 Rb1 44. Rh3 Kf6 45. Rf3 Kf5 0-1

[Event "Olimpiada Dresden 2008 Femenina"]
[Site "Dresden GER"]
[Date "2008.11.16"]
[Round "4.7"]
[White "Kulovana, Eva"]
[Black "Hernandez Guerrero, Yadira"]
[Result "1/2-1/2"]
[WhiteElo "2286"]
[BlackElo "2228"]
[PlyCount "136"]
[EventDate "2008.11.13"]
[EventType "team-tourn"]
[EventRounds "11"]
[EventCountry "GER"]
[Source "lmi"]
[SourceDate "2008.11.13"]
[WhiteTeam "Chequia"]
[BlackTeam "México"]
[WhiteTeamCountry "CZE"]
[BlackTeamCountry "MEX"]

1. e4 c5 2. Nf3 e6 3. b3 Nc6 4. Bb2 d6 5. g3 Nf6 6. Qe2 e5 7. h3 h6 8. Bg2 Be6
9. O-O Qd7 10. Kh2 g5 11. Ne1 Bg7 12. c3 g4 13. h4 Nh5 14. Nc2 Qe7 15. Rh1 Rg8
16. Nba3 Nf4 17. Qf1 h5 18. Ne3 Nxg2 19. Qxg2 O-O-O 20. Nac2 Qd7 21. Rad1 d5
22. d4 exd4 23. cxd4 cxd4 24. Bxd4 Bxd4 25. Nxd4 Ne5 26. exd5 Bxd5 27. Nxd5
Qxd5 28. Qxd5 Rxd5 29. Nc2 Rgd8 30. Ne3 Rd2 31. Kg2 Rxa2 32. Rc1+ Kb8 33. Rc5
Rxf2+ 34. Kxf2 Nd3+ 35. Ke2 Nxc5 36. Rf1 Rd7 37. Rf5 Nxb3 38. Rxh5 Rd2+ 39. Ke1
Rd3 40. Ke2 Nc1+ 41. Kf2 Rd2+ 42. Kf1 Ne2 43. Ke1 Ra2 44. Nf1 Nd4 45. Nd2 Ra3
46. Kf2 Rd3 47. Nf1 Rf3+ 48. Kg2 Rc3 49. Kf2 Kc7 50. Ne3 Ra3 51. Nxg4 f5 52.
Ne3 b5 53. Rg5 Ra2+ 54. Kf1 b4 55. Nd5+ Kd6 56. Nxb4 Rd2 57. Rg6+ Kc5 58. Na6+
Kc4 59. Rg7 Nc6 60. Rc7 Kb5 61. Nb8 Nxb8 62. Rb7+ Kc4 63. Rxb8 a5 64. Ra8 Kb4
65. Rb8+ Kc4 66. Ra8 Kb4 67. Rb8+ Kc3 68. Ra8 Kb4 1/2-1/2

[Event "Olimpiada Dresden 2008 Femenina"]
[Site "Dresden GER"]
[Date "2008.11.16"]
[Round "4.7"]
[White "Pertlova, Sona"]
[Black "Real Pereyra, Diana Karime"]
[Result "1-0"]
[WhiteElo "2239"]
[BlackElo "1766"]
[PlyCount "103"]
[EventDate "2008.11.13"]
[EventType "team-tourn"]
[EventRounds "11"]
[EventCountry "GER"]
[Source "lmi"]
[SourceDate "2008.11.13"]
[WhiteTeam "Chequia"]
[BlackTeam "México"]
[WhiteTeamCountry "CZE"]
[BlackTeamCountry "MEX"]

1. d4 Nf6 2. c4 e6 3. Nc3 Bb4 4. e3 O-O 5. Bd3 d5 6. a3 dxc4 7. Bxc4 Bd6 8. Nf3
Nbd7 9. O-O c5 10. dxc5 Nxc5 11. b4 Nce4 12. Nxe4 Nxe4 13. Bb2 Be7 14. Qc2 Bf6
15. Rfd1 Qc7 16. Rac1 Bxb2 17. Qxb2 Qe7 18. Qd4 Nf6 19. e4 a5 20. Bb5 axb4 21.
axb4 b6 22. Bc6 Bb7 23. b5 Rab8 24. Ne5 Qc7 25. Bd7 Qd8 26. Qb4 Bxe4 27. Nc6
Bxc6 28. bxc6 Qc7 29. Qd6 Qxd6 30. Rxd6 Ra8 31. g3 h6 32. c7 Nxd7 33. Rxd7 Rfc8
34. Rb1 Kh7 35. Rxb6 Ra1+ 36. Kg2 Rc1 37. Rb7 Kg6 38. Kf3 Rc4 39. Ke3 Rc1 40.
Ke4 Kf6 41. h4 g6 42. g4 g5 43. h5 Re1+ 44. Kf3 Rc1 45. Ke3 Rc4 46. Ra7 Kg7 47.
Kd3 Rc1 48. Ke4 Re1+ 49. Kf3 Rc1 50. Ke4 Re1+ 51. Kf3 Rc1 52. Ke4 1-0

[Event "Olimpiada Dresden 2008 Femenina"]
[Site "Dresden GER"]
[Date "2008.11.16"]
[Round "4.8"]
[White "Pina Vega, Sulennis"]
[Black "De Blecourt, Sandra"]
[Result "1-0"]
[WhiteElo "2286"]
[BlackElo "2078"]
[PlyCount "82"]
[EventDate "2008.11.13"]
[EventType "team-tourn"]
[EventRounds "11"]
[EventCountry "GER"]
[Source "lmi"]
[SourceDate "2008.11.13"]
[WhiteTeam "Cuba"]
[BlackTeam "Dinamarca"]
[WhiteTeamCountry "CUB"]
[BlackTeamCountry "DEN"]

1. e4 d5 2. exd5 Qxd5 3. Nc3 Qa5 4. g3 Nf6 5. Bg2 g6 6. Nge2 Bg7 7. O-O O-O 8.
d3 Nc6 9. a3 e5 10. Bd2 Qc5 11. b4 Qd6 12. b5 Nd4 13. Nxd4 exd4 14. Ne4 Nxe4
15. Bxe4 Qe5 16. a4 a6 17. Re1 Qf6 18. Ba5 axb5 19. axb5 c6 20. Bb4 Rxa1 21.
Qxa1 Re8 22. Bxc6 Rxe1+ 23. Qxe1 Qe6 24. Qxe6 fxe6 25. Be4 Bf8 26. Ba5 Bd7 27.
b6 Bc6 28. Bxc6 bxc6 29. b7 Bd6 30. Bb6 Bb8 31. f4 e5 32. fxe5 Kf7 33. Bc5 Bxe5
34. Ba7 Ke6 35. b8=Q Bxb8 36. Bxb8 Kf5 37. Ba7 Ke5 38. Kg2 g5 39. Kf3 h5 40. g4
h4 41. Bc5 Kd5 1-0

[Event "Olimpiada Dresden 2008 Femenina"]
[Site "Dresden GER"]
[Date "2008.11.16"]
[Round "4.8"]
[White "Fredericia, Louise"]
[Black "Linares Napoles, Oleiny"]
[Result "0-1"]
[WhiteElo "2095"]
[BlackElo "2261"]
[PlyCount "80"]
[EventDate "2008.11.13"]
[EventType "team-tourn"]
[EventRounds "11"]
[EventCountry "GER"]
[Source "lmi"]
[SourceDate "2008.11.13"]
[WhiteTeam "Dinamarca"]
[BlackTeam "Cuba"]
[WhiteTeamCountry "DEN"]
[BlackTeamCountry "CUB"]

1. e4 d6 2. d4 Nf6 3. Nc3 g6 4. f4 Bg7 5. Nf3 c5 6. d5 O-O 7. Be2 b5 8. e5 dxe5
9. fxe5 Ng4 10. O-O b4 11. Ne4 Nxe5 12. Be3 Nbd7 13. Nxe5 Bxe5 14. c3 Bb7 15.
Qd2 bxc3 16. bxc3 Qc7 17. g3 Rad8 18. Bf3 Nb6 19. Qf2 Bxd5 20. Bxc5 Bxe4 21.
Bxe4 Bxc3 22. Rad1 Rxd1 23. Rxd1 Rd8 24. Rd3 Rxd3 25. Bxd3 Qe5 26. Be2 Be1 27.
Qxe1 Qxc5+ 28. Kf1 Nd5 29. Qd2 Kg7 30. h4 Ne3+ 31. Ke1 Nf5 32. Qb2+ f6 33. Qb3
Qg1+ 34. Kd2 Nxg3 35. Qe6 Qd4+ 36. Bd3 Nf5 37. Kc2 Qc5+ 38. Kd2 Qb4+ 39. Kc1
Qc3+ 40. Bc2 Qxc2+ 0-1

[Event "Olimpiada Dresden 2008 Femenina"]
[Site "Dresden GER"]
[Date "2008.11.16"]
[Round "4.8"]
[White "Marrero Lopez, Yaniet"]
[Black "Treppendahl, Trine"]
[Result "1-0"]
[WhiteElo "2260"]
[BlackElo "2049"]
[PlyCount "157"]
[EventDate "2008.11.13"]
[EventType "team-tourn"]
[EventRounds "11"]
[EventCountry "GER"]
[Source "lmi"]
[SourceDate "2008.11.13"]
[WhiteTeam "Cuba"]
[BlackTeam "Dinamarca"]
[WhiteTeamCountry "CUB"]
[BlackTeamCountry "DEN"]

1. e4 c6 2. c4 d5 3. exd5 cxd5 4. cxd5 Nf6 5. Qa4+ Nbd7 6. Nc3 g6 7. Bc4 Bg7 8.
d3 O-O 9. Qb3 a6 10. a4 Nc5 11. Qa3 b6 12. Nge2 Bf5 13. O-O Bxd3 14. Bxd3 Nxd3
15. Bg5 Qd6 16. Qxd6 exd6 17. Rab1 Rfe8 18. Rfd1 Nc5 19. f3 Nfd7 20. b4 Nxa4
21. Ne4 f5 22. N4g3 Be5 23. Rbc1 Rac8 24. f4 Bg7 25. Rc6 Nf6 26. Rxd6 Ne4 27.
Nxe4 Rxe4 28. Re6 Rxb4 29. d6 Nc5 30. d7 Nxd7 31. Rxd7 Rb1+ 32. Kf2 Bf8 33. Bf6
a5 34. Bd4 b5 35. Ra6 Rd1 36. Rxa5 Bb4 37. Raa7 Be1+ 38. Kf3 Rd3+ 39. Be3 Rxd7
40. Rxd7 b4 41. Bd4 Ra8 42. Ra7 Rd8 43. Rg7+ Kf8 44. Rxh7 Rd5 45. Rb7 Ra5 46.
Ra7 Rd5 47. Ke3 Rb5 48. Kd3 b3 49. Bb2 Rd5+ 50. Nd4 Bf2 51. Rb7 Bg1 52. Kc4 Ra5
53. Ne6+ Ke8 54. Bf6 Ra7 55. Rxa7 Bxa7 56. Kxb3 Kf7 57. Bd4 Bb8 58. Ng5+ Ke7
59. Be5 Ba7 60. Kc4 Bg1 61. h3 Bf2 62. g4 fxg4 63. hxg4 Be3 64. Kd5 Bc1 65. Nf3
Be3 66. Ke4 Bc1 67. g5 Kf7 68. Bf6 Kg8 69. Ne5 Kh7 70. Nd3 Bd2 71. Kd5 Be3 72.
Ke6 Bd2 73. Be5 Be3 74. Nb4 Bd2 75. Nd5 Ba5 76. Kf7 Bc3 77. Nf6+ Kh8 78. Nd7+
Kh7 79. Nf8# 1-0

[Event "Olimpiada Dresden 2008 Femenina"]
[Site "Dresden GER"]
[Date "2008.11.16"]
[Round "4.9"]
[White "Peptan, Corina-Isabela"]
[Black "Baklanova, Tatiana"]
[Result "1-0"]
[WhiteElo "2430"]
[BlackElo "2231"]
[PlyCount "107"]
[EventDate "2008.11.13"]
[EventType "team-tourn"]
[EventRounds "11"]
[EventCountry "GER"]
[Source "lmi"]
[SourceDate "2008.11.13"]
[WhiteTeam "ROU"]
[BlackTeam "Ucrania"]
[BlackTeamCountry "UKR"]

1. e4 e6 2. d4 d5 3. Nd2 Nf6 4. e5 Nfd7 5. c3 c5 6. Bd3 Nc6 7. Ne2 cxd4 8. cxd4
f6 9. exf6 Qxf6 10. Nf3 Bd6 11. Bg5 Qf7 12. O-O h6 13. Bh4 O-O 14. Bg3 Bb8 15.
Bb5 Nf6 16. Bxc6 bxc6 17. Rc1 Qb7 18. b3 Bd7 19. Bxb8 Rfxb8 20. Nf4 a5 21. Ne5
Rc8 22. Re1 a4 23. Nxd7 Qxd7 24. bxa4 c5 25. Nxe6 c4 26. Nc5 Qa7 27. Qf3 Rxc5
28. dxc5 Qxc5 29. Re6 Rf8 30. Qe2 c3 31. h3 Ne4 32. Rxe4 dxe4 33. Qe3 Qxe3 34.
fxe3 Rc8 35. a5 Kf7 36. a6 Ke6 37. a7 Kd5 38. Rxc3 Ra8 39. Rc7 g5 40. Kh2 Kd6
41. Rh7 Kd5 42. Kg3 Kc4 43. Rd7 h5 44. h4 Rg8 45. Rb7 gxh4+ 46. Kxh4 Ra8 47.
Rd7 Rh8 48. Rd4+ Kc3 49. Rxe4 Kd3 50. Ra4 Ra8 51. e4 Ke3 52. e5 Kf2 53. e6 Kxg2
54. e7 1-0

[Event "Olimpiada Dresden 2008 Femenina"]
[Site "Dresden GER"]
[Date "2008.11.16"]
[Round "4.9"]
[White "Ryvova, Anna"]
[Black "Cosma, Elena Luminita"]
[Result "0-1"]
[WhiteElo "2009"]
[BlackElo "2340"]
[PlyCount "123"]
[EventDate "2008.11.13"]
[EventType "team-tourn"]
[EventRounds "11"]
[EventCountry "GER"]
[Source "lmi"]
[SourceDate "2008.11.13"]
[WhiteTeam "Chequia"]
[BlackTeam "ROU"]
[WhiteTeamCountry "CZE"]

1. d4 d5 2. c4 c6 3. e3 Nf6 4. Nf3 e6 5. b3 Bd6 6. Bd3 O-O 7. Nbd2 c5 8. dxc5
Bxc5 9. Bb2 dxc4 10. Nxc4 Bb4+ 11. Ke2 Nbd7 12. Qc2 Be7 13. Rhd1 Qe8 14. Rac1
b6 15. Ng5 h6 16. Nh7 Nxh7 17. Bxh7+ Kh8 18. Be4 Rb8 19. Bc6 f6 20. Kf1 b5 21.
Nd6 Bxd6 22. Rxd6 Qe7 23. Rcd1 Ne5 24. Bxe5 fxe5 25. Qc5 Qf6 26. R6d2 Bb7 27.
Qxb5 Bxc6 28. Qxc6 Rbd8 29. Qe4 Rd5 30. g3 Qf7 31. Kg2 Qf6 32. h4 a5 33. a3 Qf7
34. b4 axb4 35. axb4 Rb5 36. Rc1 Rd5 37. Rb2 Qd7 38. Rcb1 Rd2 39. Rxd2 Qxd2 40.
Rf1 Qb2 41. Qc4 Rb8 42. Qxe6 Rxb4 43. Qc8+ Kh7 44. Qf5+ Kh8 45. Rd1 Rb8 46. Rd5
Re8 47. Qf7 Qb8 48. Rd7 Rg8 49. e4 Qb4 50. Qf5 Re8 51. Qg6 Rg8 52. Rf7 Qc5 53.
g4 Qc8 54. Kh2 Qe8 55. g5 Qd8 56. Kg2 Qd2 57. Qf5 Qd1 58. g6 Qd6 59. h5 Qc5 60.
Rd7 Rf8 61. Rc7 Qa3 62. Rc8 0-1

[Event "Olimpiada Dresden 2008 Femenina"]
[Site "Dresden GER"]
[Date "2008.11.16"]
[Round "4.9"]
[White "Paulet, Iozefina"]
[Black "Gerasimova, Olga"]
[Result "1-0"]
[WhiteElo "2307"]
[BlackElo "2316"]
[PlyCount "62"]
[EventDate "2008.11.13"]
[EventType "team-tourn"]
[EventRounds "11"]
[EventCountry "GER"]
[Source "lmi"]
[SourceDate "2008.11.13"]
[WhiteTeam "ROU"]
[BlackTeam "Rusia"]
[BlackTeamCountry "RUS"]

1. Nf3 Nf6 2. c4 g6 3. Nc3 Bg7 4. e4 d6 5. d4 O-O 6. Be2 e5 7. O-O Na6 8. Re1
c6 9. d5 c5 10. a3 Kh8 11. Nd2 Ng8 12. b4 f5 13. Nb3 b6 14. bxc5 Nxc5 15. Nxc5
bxc5 16. Rb1 Nf6 17. f3 Bd7 18. Bd2 f4 19. Nb5 Ne8 20. a4 g5 21. Ra1 a6 22. Nc3
Nf6 23. a5 Rg8 24. Kh1 g4 25. fxg4 Bh6 26. g5 Bxg5 27. Rf1 Bh4 28. Rb1 Ng4 29.
Rb6 Nxh2 30. Rxd6 Qg5 31. g3 Qxg3 1-0

[Event "Olimpiada Dresden 2008 Femenina"]
[Site "Dresden GER"]
[Date "2008.11.16"]
[Round "4.9"]
[White "Mucha, Annegret"]
[Black "Motoc, Alina"]
[Result "0-1"]
[WhiteElo "1965"]
[BlackElo "2313"]
[PlyCount "140"]
[EventDate "2008.11.13"]
[EventType "team-tourn"]
[EventRounds "11"]
[EventCountry "GER"]
[Source "lmi"]
[SourceDate "2008.11.13"]
[WhiteTeam "Alemania"]
[BlackTeam "ROU"]
[WhiteTeamCountry "GER"]

1. e4 c5 2. Nc3 d6 3. g3 Nc6 4. Bg2 g6 5. d3 Bg7 6. f4 e5 7. Nf3 Nge7 8. O-O
O-O 9. fxe5 dxe5 10. Be3 Nd4 11. Qd2 f6 12. Ne1 Be6 13. Nd1 b6 14. c3 Ndc6 15.
Nf2 Qd7 16. Nc2 Rad8 17. Rfd1 Qc8 18. Qe2 f5 19. exf5 gxf5 20. Bg5 h6 21. Bh4
Rde8 22. Qh5 Bf7 23. Qf3 Be6 24. Qh5 Nd5 25. Re1 Nce7 26. Bxe7 Nxe7 27. Ne3 f4
28. gxf4 Rxf4 29. Nh3 Rff8 30. Rf1 Qd7 31. Nf2 Rf4 32. Qe2 Ng6 33. Be4 Nh4 34.
Ng2 Nxg2 35. Bxg2 c4 36. Be4 cxd3 37. Qxd3 Qxd3 38. Bxd3 Bd5 39. Rae1 e4 40.
Bb5 Re6 41. Re3 Rg6+ 42. Kh1 Be5 43. Rg1 Rxg1+ 44. Kxg1 Rh4 45. Rh3 Rxh3 46.
Nxh3 e3 47. Be2 Bxa2 48. Kf1 Be6 49. Ng1 Bxh2 50. Nf3 Bh3+ 51. Ke1 Bg3+ 52. Kd1
Bd7 53. Bc4+ Kg7 54. Ke2 Bf4 55. Nd4 Kf6 56. Nb5 Bg4+ 57. Kf1 a5 58. Nd4 h5 59.
Be2 Bh3+ 60. Kg1 h4 61. Kh1 Bc8 62. Bf3 h3 63. Ne2 Kg5 64. c4 Bg4 65. Bxg4 Kxg4
66. Ng1 h2 67. Ne2 Kf3 68. Nd4+ Kf2 69. b4 e2 70. Nf3 Kxf3 0-1

[Event "Olimpiada Dresden 2008 Femenina"]
[Site "Dresden GER"]
[Date "2008.11.16"]
[Round "4.10"]
[White "Ostry, Irina"]
[Black "Bensdorp, Marlies"]
[Result "1/2-1/2"]
[WhiteElo "2183"]
[BlackElo "2303"]
[PlyCount "192"]
[EventDate "2008.11.13"]
[EventType "team-tourn"]
[EventRounds "11"]
[EventCountry "GER"]
[Source "lmi"]
[SourceDate "2008.11.13"]
[WhiteTeam "Kyrgyzstan"]
[BlackTeam "Holanda"]
[WhiteTeamCountry "KGZ"]
[BlackTeamCountry "NED"]

1. e4 e6 2. d4 d5 3. e5 c5 4. c3 Nc6 5. Nf3 Qb6 6. a3 Nh6 7. Bd3 Bd7 8. dxc5
Bxc5 9. Qe2 Ng4 10. O-O Qc7 11. b4 Bb6 12. Bf4 f6 13. Bg3 f5 14. Bxf5 Nxf2 15.
Bxf2 exf5 16. e6 Bc8 17. Nbd2 O-O 18. Bxb6 Qxb6+ 19. Kh1 Re8 20. Ng5 h6 21. Qh5
Bxe6 22. Nxe6 Rxe6 23. Qxf5 Ne5 24. Nb3 Rae8 25. Nc5 R6e7 26. h3 Qc6 27. Qc2
Nc4 28. Qd3 Re3 29. Qf5 Nd6 30. Qg6 Ne4 31. Qf7+ Kh8 32. Nxe4 dxe4 33. c4 Rc3
34. Rad1 Rd3 35. Rde1 Rxa3 36. Rf4 e3 37. Rg4 Rg8 38. Rg6 Qe4 39. Re6 Qd4 40.
Qh5 Ra6 41. R6xe3 Qxc4 42. Re8 Rf6 43. Rxg8+ Kxg8 44. b5 Kh7 45. Qe5 Qd3 46.
Qb2 Rf5 47. Rb1 a6 48. bxa6 bxa6 49. Ra1 Rf1+ 50. Rxf1 Qxf1+ 51. Kh2 Qf5 52.
Qb6 a5 53. Qa6 Qe5+ 54. Kh1 Qd5 55. Kh2 Qe5+ 56. Kh1 Qc3 57. Kh2 Qc7+ 58. Kh1
Qc1+ 59. Kh2 Qf4+ 60. Kh1 a4 61. Qd3+ Kg8 62. Qd5+ Kf8 63. Qd8+ Kf7 64. Qd7+
Kg6 65. Qd3+ Kf7 66. Qd7+ Kg8 67. Qc8+ Kh7 68. Qc2+ g6 69. Qc5 Qf1+ 70. Kh2 Qf7
71. Kh1 h5 72. Kh2 Qb7 73. Kh1 Qb1+ 74. Kh2 Qb8+ 75. Kh1 Qb7 76. Kh2 Qg7 77.
Kh1 Qa1+ 78. Kh2 Qg7 79. Kh1 Qf7 80. Kh2 Qf4+ 81. Kh1 Kh6 82. Kg1 Qe4 83. Kh2
Qf5 84. Qc1+ Qg5 85. Qc3 Qf4+ 86. Kh1 Qf1+ 87. Kh2 Qf4+ 88. Kg1 Qd6 89. Qe3+ g5
90. h4 Qd1+ 91. Kh2 Qd6+ 92. Kg1 Qd1+ 93. Kh2 Qd6+ 94. Kg1 Qf4 95. Qe6+ Kg7 96.
hxg5 Qxg5 1/2-1/2

[Event "Olimpiada Dresden 2008 Femenina"]
[Site "Dresden GER"]
[Date "2008.11.16"]
[Round "4.11"]
[White "Le, Thanh Tu"]
[Black "Sanchez Castillo, Sarai"]
[Result "1-0"]
[WhiteElo "2324"]
[BlackElo "2206"]
[PlyCount "76"]
[EventDate "2008.11.13"]
[EventType "team-tourn"]
[EventRounds "11"]
[EventCountry "GER"]
[Source "lmi"]
[SourceDate "2008.11.13"]
[WhiteTeam "Vietnam"]
[BlackTeam "Venezuela"]
[WhiteTeamCountry "VIE"]
[BlackTeamCountry "VEN"]

1. e4 c5 2. Nf3 e6 3. d4 cxd4 4. Nxd4 a6 5. Bd3 Bc5 6. Nb3 Ba7 7. Qe2 Ne7 8.
Nc3 Nbc6 9. Be3 d6 10. O-O e5 11. Bc4 b5 12. Bd5 Nxd5 13. Nxd5 Ne7 14. Bg5 f6
15. Qh5+ Ng6 16. Bd2 O-O 17. Na5 Be6 18. Qe2 Rc8 19. Bb4 Qd7 20. Qd2 f5 21.
Rad1 fxe4 22. Bxd6 Rfd8 23. Ne3 Bc5 24. Bxc5 Qxd2 25. Rxd2 Rxd2 26. Bb4 Rd7 27.
Ra1 Nf4 28. Kf1 Nd5 29. Nxd5 Bxd5 30. Bc3 b4 31. Bxb4 Rxc2 32. b3 Rf7 33. Be1
e3 34. f3 e4 35. f4 Rxf4+ 36. Kg1 e2 37. Bf2 e3 38. Bxe3 Rxa2 1-0